Catálogo
 En Linea

Buscando un puerto : (Registro nro. 11103)

Detalles MARC
000 -CABECERA
campo de control de longitud fija 00551cam a2200169 a 4500
001 - NÚMERO DE CONTROL
campo de control 000011396
005 - FECHA Y HORA DE LA ÚLTIMA TRANSACCIÓN
campo de control 20200929162436.0
008 - DATOS DE LONGITUD FIJA--INFORMACIÓN GENERAL
campo de control de longitud fija 820908s1981 pr 000 p spa
040 ## - FUENTE DE LA CATALOGACIÓN
Centro catalogador/agencia de origen DO-SdBNP
Lengua de catalogación spa
Centro/agencia transcriptor BNPHU
082 ## - NÚMERO DE LA CLASIFICACIÓN DECIMAL DEWEY
Número de clasificación PR861.44
Número de documento/Ítem R586
100 1# - ENTRADA PRINCIPAL--NOMBRE DE PERSONA
Nombre de persona Rios Colon, Luis
9 (RLIN) 27016
245 10 - MENCIÓN DE TÍTULO
Título Buscando un puerto :
Resto del título Poemas y un trabajo en prosa /
Mención de responsabilidad, etc. Luis Ríos Colón.
260 ## - PUBLICACIÓN, DISTRIBUCIÓN, ETC.
Lugar de publicación, distribución, etc. Carolina (Puerto Rico) :
Nombre del editor, distribuidor, etc. Raices,
Fecha de publicación, distribución, etc. 1981.
300 ## - DESCRIPCIÓN FÍSICA
Extensión 120 p. ;
Dimensiones 19 cm.
650 #4 - PUNTO DE ACCESO ADICIONAL DE MATERIA--TÉRMINO DE MATERIA
Término de materia o nombre geográfico como elemento de entrada Poesía puertorriqueña
9 (RLIN) 1015
650 #4 - PUNTO DE ACCESO ADICIONAL DE MATERIA--TÉRMINO DE MATERIA
Término de materia o nombre geográfico como elemento de entrada Literatura puertorriqueña
Subdivisión cronológica SIGLO XX
9 (RLIN) 5311
Existencias
Estado de retiro Estado de pérdida Restricciones de uso No para préstamo Código de colección Localización permanente Ubicación/localización actual Ubicación en estantería Fecha de adquisición Número de inventario Total de préstamos Signatura topográfica completa Código de barras Fecha visto por última vez Precio válido a partir de Tipo de ítem Koha
      Excluido de préstamo Monografías: Libros y Folletos General General Depósito 16.10.2009 LF1   PR861.44 R586 11396-10 25.06.2020 25.06.2020 No se presta

Con tecnología Koha